| 000 | 00853cam a22002894a 4500 | ||
|---|---|---|---|
| 999 |
_c174460 _d174460 |
||
| 001 | 15172492 | ||
| 003 | Nust | ||
| 005 | 20180730100728.0 | ||
| 008 | 080207s2008 nyu 000 1 eng | ||
| 010 | _a 2008005812 | ||
| 020 |
_a9780751539653 _cRs. 460 |
||
| 038 | _aArshad | ||
| 040 |
_aDLC _cDLC _dDLC |
||
| 043 | _an-us-ma | ||
| 050 | 0 | 0 |
_aPS3553.O692 _bF77 2008 |
| 082 | 0 | 0 |
_a813.54 _bCOR |
| 100 | 1 |
_aCornwell, Patricia Daniels. _911118 |
|
| 245 | 1 | 4 |
_aThe front / _cPatricia Cornwell. |
| 260 |
_aNew York : _bG.P. Putnam's Sons, _c2008. |
||
| 300 |
_a229 p. ; _c22 cm. |
||
| 650 | 0 |
_aPolice _zMassachusetts _vFiction. _912119 |
|
| 651 | 0 |
_aMassachusetts _vFiction. _911099 |
|
| 655 | 7 |
_aMystery fiction. _2gsafd _95621 |
|
| 906 |
_a7 _bcbc _corignew _d1 _eecip _f20 _gy-gencatlg |
||
| 942 |
_2ddc _cBK |
||